| 000 | 01166nam a2200241 a 4500 | ||
|---|---|---|---|
| 001 | 64336 | ||
| 003 | BD-RjUL | ||
| 005 | 20211209081308.0 | ||
| 008 | 170213s1944 bg ||||| |||| 00| f ben d | ||
| 035 | _a(BD-RjUL)64466 | ||
| 040 |
_aBD-RjUL _bben _cBD-RjUL _dBD-RjUL |
||
| 041 | _aben | ||
| 082 |
_223 _a891.443 _bGAS 1960 |
||
| 100 |
_aগঙ্গোপাধ্যায়, তারকনাথ _9175587 |
||
| 245 | 1 | 0 |
_aস্বর্ণলতা / _cতারকনাথ গঙ্গোপাধ্যায় সম্পাদক শ্রীব্রজেন্দ্রনাথ বন্দোপাধ্যায় এবং শ্রীসজনীকান্তদাস |
| 260 |
_aঢাকা : _bবঙ্গীয়-সাহিত্য-পরিষৎ, _c১৯৪৪ |
||
| 300 |
_a২২৫ পৃ. ; _c২৪ সেমি. |
||
| 650 |
_aবাংলা উপন্যাস _9170454 |
||
| 650 |
_aBengali Fiction _9170455 |
||
| 700 |
_aবন্দোপাধ্যায়, শ্রীব্রজেন্দ্রনাথ _9190983 |
||
| 700 |
_aদাস, শ্রীসজনীকান্ত _9182789 |
||
| 942 |
_2ddc _cBK |
||
| 999 |
_c64336 _d64336 |
||